Agronegocios:anuario del campo '89
Tallennettuna:
| Yhteisötekijät: | , |
|---|---|
| Aineistotyyppi: | Kirja |
| Kieli: | espanja |
| Julkaistu: |
Santiago
Hermes
1988
|
| Aiheet: | |
| Tagit: |
Lisää tagi
Ei tageja, Lisää ensimmäinen tagi!
|
MARC
| LEADER | 00000nam a2200000 a 4500 | ||
|---|---|---|---|
| 001 | UCQ7041 | ||
| 003 | CL-VaPUC | ||
| 008 | 981031e19880000CL |||||||||||||||||spa|d | ||
| 082 | 0 | 4 | |a 630 |b SOC |2 21 |
| 110 | 2 | |a Sociedad Nacional de Agricultura |e author |9 420920 | |
| 710 | 2 | |a SNA |e author |9 420921 | |
| 245 | 1 | 0 | |a Agronegocios:anuario del campo '89 |
| 300 | |a 185 p | ||
| 942 | |c BK | ||
| 945 | |d 19981031 00:00:00 |a rbrito | ||
| 260 | |a Santiago |b Hermes |c 1988 | ||
| 650 | 0 | |a Agricultura |9 255598 | |
| 650 | 0 | |a Industria agrícola |9 264819 | |
| 650 | 0 | |a Anuarios |9 258977 | |
| 583 | |a last modification |c 20160923 11:56:06 |k Rodrigo Vera | ||
| 999 | |c 276871 |d 276869 | ||